The Story of the Salem Witch Trials /

Uloženo v:
Podrobná bibliografie
Hlavní autor: Le Beau, Bryan F. (autor)
Médium: Kniha
Jazyk:angličtina
Vydáno: Londres, Inglaterra : Routledge, 2016, c2016
Vydání:2a edición
Témata:
On-line přístup:Ver documento en línea
Tagy: Přidat tag
Žádné tagy, Buďte první, kdo vytvoří štítek k tomuto záznamu!

MARC

LEADER 00000nam^a2200000^a^4500
001 000395323
005 20251023000000.0
009 20260310121358.742
020 |a 978-1-315-50903-7 
037 |a Acervo ITESO - Biblioteca 
041 |a ING 
082 |a 133. 430973  |b LEB 
100 |a Le Beau, Bryan F.  |e (autor) 
245 1 4 |a The Story of the Salem Witch Trials /  |c B.F. Le Beau. 
250 |a 2a edición 
264 4 |a Londres, Inglaterra :  |b Routledge,  |c 2016, c2016 
264 2 |a Birmingham, EUA :  |b EBSCOhost [distribución],  |c 2016 
300 |a 1 libro electrónico en línea (XII, 265 p.) 
300 |a 1 recurso en línea 
336 |a datos para computadora  |b cod  |2 rdacontenido 
337 |a computadora  |b c  |2 rdamedio 
338 |a recurso en línea  |b cr  |2 rdasoporte 
506 1 |a 3 licencias 
521 |a Peticiones 2017 
649 |a XX 
650 |a Caza de Brujas -  |z EUA -  |x Historia -  |x Tema Principal 
650 |a Brujería -  |z EUA -  |x Historia -  |x Tema Principal 
650 |a Juicios Penales -  |z EUA -  |x Historia 
650 |a Derecho Procesal Penal -  |z EUA -  |x Historia 
650 |a Religión y Derecho -  |z EUA -  |x Historia 
650 |a Política y Religión -  |z EUA -  |x Historia 
650 |a Salem (Massachusetts), EUA -  |x Historia -  |y Siglo XVII -  |x Tema Principal 
650 |a Salem (Massachusetts), EUA -  |x Historia -  |y Epoca Colonial, 1607-1783 
650 |a EUA -  |x Historia -  |y Siglo XVII 
650 |a EUA -  |x Historia -  |y Epoca Colonial, 1607-1783 
856 4 0 |u https://ezproxy.iteso.mx/login?url=https://search.ebscohost.com/login.aspx?direct=true&scope=site&db=nlebk&db=nlabk&AN=1240955  |y Ver documento en línea 
910 |a Fondo General 
920 |a Electrónicos - Libros en Línea 
930 |a Plataforma Digital 
905 |a 205 
901 |a 395323-1  |b IT2  |c EBO  |i C1258  |u 20250521 
901 |a 395323-2  |b IT2  |c EBO  |i C1258  |u 20250521 
901 |a 395323-3  |b IT2  |c EBO  |i C1258  |u 20250521 
902 |a https://opac.biblio.iteso.mx/vufind/Record/000395323